000 01443cam a2200289 i 4500
001 normy
003 BPK
005 20141021090813.0
008 121231s2013 pl a f u |000 0 pol d
020 _a978-83-275-1895-8
040 _cBPK
041 _apol
084 _aICS 79.040
245 0 0 _aTarcica konstrukcyjna iglasta sortowana metodami wytrzymałościowymi.
246 _aPN-D-94021:2013-10
250 _aZatwierdzono: 2013.10.28
260 _aWarszawa :
_bPolski Komitet Normalizacyjny,
_c2013.
500 _aZastępuje : PN-D-94021:1982.
520 _aDotyczy tarcicy konstrukcyjnej iglastej obrzynanej, szorstkiej lub struganej, wyprodukowanej z drewna sosny zwyczajnej (Pinus sylvestris L.), świerka pospolitego (Picea abies (L.) Karst.), modrzewia europejskiego (Larix decidua Mill.), jodły pospolitej (Abies alba Mill.) lub daglezji zielonej (Pseudotsuga menziesii (Mirb.) Franco), z przeznaczeniem na nośne konstrukcje drewniane. Podano klasyfikację tarcicy konstrukcyjnej, wymagania dotyczące wilgotności, wymiarów, jakości i oznakowania. Określono badania wilgotności, wymiarów, miąższości, cech strukturalnych i geometrycznych.
653 _adrewno
653 _atarcica
653 _atarcica iglasta
710 2 _aKT nr 215 ds. Projektowania i Wykonawstwa Konstrukcji z Drewna i z Materiałów Drewnopochodnych
780 _tPN-D-94021:1982
942 _cNR
998 _ceg
_d2008.07.21
999 _c73171
_d73171
856 _uhttp://koha.tu.koszalin.pl/cgi-bin/koha/opac-detail.pl?biblionumber=73171
_yKatalog online BPK